000 00324nam a2200157Ia 4500
100 _aMehta/V.K/ mehta/ Rohit
650 _aElectrical
942 _cBK
366 _f20
245 _aBasic Electrical Engineering
260 _bS.Chand & Co.
_c2012
082 _bMEH
300 _a989
546 _aENGLISH
999 _c25707
_d25707